Implementation of McEliece cryptosystem into TLS

Na minha lista:
Detalhes bibliográficos
Autor principal: Špaček, Peter (Author)
Outros Autores: Zajac, Pavol (Thesis advisor)
Formato: Manuscrito Livro
Idioma:eslovaco
inglês
Publicado em: 2017
Assuntos:
Acesso em linha:http://is.stuba.sk/zp/portal_zp.pl?podrobnosti=128312
Tags: Adicionar Tag
Sem tags, seja o primeiro a adicionar uma tag!

MARC

LEADER 00000ntm a22000003a 4500
001 stuzp60514
003 SK-STU
005 20170627101423.2
007 ta
008 150427s2015----xo-----f-mn---000-0-slo-d
040 |a STU  |b slo 
041 0 |a eng 
044 |a xo 
100 1 |a Špaček, Peter  |u 035000  |4 aut  |U FEI Fakulta elektrotechniky a informatiky  |T FEI Ústav informatiky a matematiky  |X 53536  |U E050  |Y 816  |7 53536 
242 0 1 |a Implementácia McEliece šifrovania do TLS  |y slo 
245 1 0 |a Implementation of McEliece cryptosystem into TLS 
260 |c 2017 
300 |a 38 s.,  |b DVD 
650 4 |a McEliece  |2 slo 
650 4 |a kryptosystém  |2 slo 
650 4 |a ssl  |2 slo 
650 4 |a tls  |2 slo 
650 4 |a šifra  |2 slo 
650 4 |a protokol  |2 slo 
650 4 |a openssl  |2 slo 
650 4 |a engine  |2 slo 
650 4 |a engine  |2 eng 
650 4 |a encryption  |2 eng 
650 4 |a McEliece  |2 eng 
650 4 |a decryption  |2 eng 
650 4 |a ssl  |2 eng 
650 4 |a tls  |2 eng 
650 4 |a openssl  |2 eng 
700 1 |a Zajac, Pavol  |u 035000  |k Z1  |4 ths  |U FEI Fakulta elektrotechniky a informatiky  |T FEI Ústav informatiky a matematiky  |X 10218  |U E050  |Y 816  |7 A000010218 
856 4 |u http://is.stuba.sk/zp/portal_zp.pl?podrobnosti=128312 
996 |b 284EP11627  |c E*DIPL- 11627  |l EE35  |s P  |a 0  |w stuzp60514_0001